Movie by Tagline #1 - Statistics

General Stats
  • This quiz has been taken 380 times
  • The average score is 11 of 19
Answer Stats
Hint Initials Answer % Correct
Life is like a box of chocolates...you never know what you're gonna get. FG Forrest Gump
92%
There are 3.7 trillion fish in the ocean. They're looking for one. FN Finding Nemo
91%
No toy gets left behind. TS3 Toy Story 3
90%
Houston, we have a problem A13 Apollo 13
88%
Twelve is the new eleven OT Ocean's Twelve
83%
Why so serious? TDK The Dark Knight
83%
Protecting the Earth from the scum of the universe! MIB Men in Black
78%
Expect the impossible again. MI2 Mission Impossible II
76%
May your odds be ever in your favour! THG The Hunger Games
72%
Your mind is the scene of the crime. I Inception
61%
Fear can hold you prisoner. Hope can set you free. TSR The Shawshank Redemption
47%
Whoever wins...we lose AVP Alien Vs. Predator
45%
One ring to rule them all LOTR The Lord of the Rings: The Fellowship of the Ring
41%
The Fastest Hands In The East Meet The Biggest Mouth In The West. RH Rush Hour
31%
Reality is a thing of the past. TM The Matrix
30%
He Knows No Fear. He Knows No Danger. He Knows Nothing. JE Johnny English
28%
His story will touch you, even though he can't. ES Edward Scissorhands
24%
You Won't Believe Your Eye. MI Monsters, Inc
22%
Not every gift is a blessing. TSS The Sixth Sense
18%
No matching quizzes found
Score Distribution
Percent of People with Each Score
Percentile by Number Answered
Your Score History
You have not taken this quiz